[Event "Belgrade Serbia op"]
[Site "Belgrade"]
[Date "2023.07.18"]
[Round "3"]
[White "Aaron, Deepak"]
[Black "Pogorelskikh, Sergey"]
[Result "1-0"]
[WhiteElo "2305"]
[BlackElo "2196"]
[PlyCount "123"]
[EventDate "2023.07.16"]
[EventType "swiss"]
[EventRounds "9"]
[EventCountry "SRB"]
[SourceTitle "CBM 215 Extra"]
[Source "ChessBase"]
[SourceDate "2023.09.30"]
[SourceVersion "1"]
[SourceVersionDate "2023.09.30"]
[SourceQuality "1"]

1. e4 c5 2. Nf3 Nc6 3. Bb5 g6 4. Bxc6 bxc6 5. 0-0 Bg7 6. Re1 Qc7 7. Na3 d6 8. e5 dxe5 9. d3 f6 10. Nd2 Nh6 11. Ne4 Nf7 12. Nxc5 0-0 13. Bd2 Nd6 14. Bc3 Nb7 15. Nb3 c5 16. Qe2 Bd7 17. Qe4 Rac8 18. Qc4+ e6 19. Qh4 Nd6 20. Nd2 Bc6 21. Qh3 Rfe8 22. Nac4 Nf5 23. Ne4 Bd5 24. b3 Bxc4 25. dxc4 Nd4 26. Bxd4 exd4 27. b4 cxb4 28. c5 f5 29. Nd6 Qxc5 30. Nxe8 Rxe8 31. Qb3 Kf7 32. a3 a5 33. axb4 Qxb4 34. Qd3 Rc8 35. Qa6 Qc4 36. Rxa5 Qxa6 37. Rxa6 e5 38. Ra7+ Kf6 39. Rb1 Bf8 40. Rb6+ Kg5 41. h4+ Kf4 42. g3+ Kf3 43. Rb3+ Ke2 44. Ra2 Rc3 45. Rb7 e4 46. Rxh7 Kd2 47. h5 gxh5 48. Rd7 Bc5 49. Rd5 h4 50. gxh4 f4 51. Ra5 f3 52. Raxc5 Rxc5 53. Rxd4+ Kxc2 54. Rxe4 Kd2 55. Kh2 Rc8 56. Kg3 Kd3 57. Kxf3 Rh8 58. Ra4 Rg8 59. h5 Rf8+ 60. Kg3 Rg8+ 61. Kh4 Ke2 62. Rf4 1-0

[Event "Gligoric Cup 9th"]
[Site "Paracin"]
[Date "2023.05.19"]
[Round "5.3"]
[White "Drazic, Sinisa"]
[Black "Pogorelskikh, Sergey"]
[Result "1-0"]
[WhiteElo "2367"]
[BlackElo "2220"]
[PlyCount "77"]
[EventDate "2023.05.16"]
[EventType "team-swiss"]
[EventRounds "5"]
[EventCountry "SRB"]
[SourceTitle "CBM 214 Extra"]
[Source "ChessBase"]
[SourceDate "2023.07.31"]
[SourceVersion "1"]
[SourceVersionDate "2023.07.31"]
[SourceQuality "1"]
[WhiteTeam "Kac Jugovic"]
[BlackTeam "Paracin"]
[WhiteTeamCountry "SRB"]
[BlackTeamCountry "SRB"]

1. d4 d5 2. Nf3 Nf6 3. c4 e6 4. Nc3 c6 5. e3 Nbd7 6. Bd3 dxc4 7. Bxc4 b5 8. Bd3 Bb7 9. 0-0 a6 10. e4 c5 11. d5 c4 12. dxe6 fxe6 13. Bc2 Nc5 14. Qe2 Be7 15. e5 Nd5 16. Ne4 Nxe4 17. Qxe4 Qb6 18. Qg4 g6 19. Be4 0-0-0 20. Ng5 Bxg5 21. Bxg5 Rd7 22. a4 Rf8 23. axb5 axb5 24. h4 Kc7 25. Bh6 Ra8 26. Rxa8 Bxa8 27. Bf8 Rf7 28. Bd6+ Kd7 29. Bf3 Rf5 30. Rd1 Bc6 31. h5 Qd8 32. hxg6 hxg6 33. Be4 Rf4 34. Qxg6 Qe8 35. Qh6 Qf7 36. Ra1 Bb7 37. Bxd5 exd5 38. e6+ Qxe6 39. Bxf4 1-0

[Event "EU-ch 23rd"]
[Site "Vrnjacka Banja"]
[Date "2023.03.07"]
[Round "5"]
[White "Kanov, Nikola"]
[Black "Pogorelskikh, Sergey"]
[Result "0-1"]
[WhiteElo "2392"]
[BlackElo "2203"]
[PlyCount "106"]
[EventDate "2023.03.03"]
[EventType "swiss"]
[EventRounds "11"]
[EventCountry "SRB"]
[SourceTitle "CBM 213"]
[Source "ChessBase"]
[SourceDate "2023.04.30"]
[SourceVersion "1"]
[SourceVersionDate "2023.04.30"]
[SourceQuality "1"]

1. e4 c5 2. Nf3 d6 3. d4 cxd4 4. Nxd4 Nf6 5. Nc3 a6 6. Be3 e5 7. Nf3 Be7 8. Bc4 0-0 9. 0-0 Be6 10. Qe2 b5 11. Bb3 Qc7 12. Bg5 Nbd7 13. Rfd1 Rfc8 14. Ne1 Bg4 15. f3 Be6 16. Kh1 Bc4 17. Bxc4 Qxc4 18. Qxc4 Rxc4 19. a4 b4 20. Bxf6 Nxf6 21. Nd5 Nxd5 22. Rxd5 g6 23. b3 Rc3 24. Rad1 Kg7 25. R1d3 Rc6 26. g3 f5 27. Rd2 Kf6 28. Nd3 Rb8 29. Nb2 Ke6 30. Nc4 Rbc8 31. Kg2 Rxc4 32. bxc4 Rxc4 33. Ra5 Rc6 34. Re2 Bd8 35. Rd5 Rc4 36. Rd1 Bb6 37. h4 h5 38. Kh3 Rc3 39. Rd3 Rc4 40. Kg2 Bd4 41. g4 hxg4 42. fxg4 fxe4 43. Rh3 Kf6 44. h5 d5 45. Kf1 Kg5 46. hxg6 Kxg6 47. Rg2 e3 48. g5 e4 49. Rh6+ Kg7 50. Re2 Bc5 51. Rc6 d4 52. g6 d3 53. Rxe3 dxc2 0-1

[Event "EU-ch Online U2300 Qual"]
[Site "Chess.com INT"]
[Date "2020.05.25"]
[Round "7"]
[White "Shapiro, David"]
[Black "Pogorelskikh, Sergey"]
[Result "1-0"]
[WhiteElo "2392"]
[BlackElo "2218"]
[PlyCount "81"]
[EventDate "2020.05.25"]
[EventType "swiss"]
[EventRounds "8"]
[EventCountry "NET"]
[SourceTitle "EXT 2021"]
[Source "ChessBase"]
[SourceDate "2020.10.23"]
[SourceVersion "1"]
[SourceVersionDate "2020.10.23"]
[SourceQuality "1"]

1. d4 Nf6 2. Nf3 e6 3. Bf4 d5 4. e3 Bd6 5. Bg3 0-0 6. Bd3 b6 7. Qe2 c5 8. c3 a5 9. Nbd2 Ba6 10. Bb5 c4 11. Bxa6 Nxa6 12. e4 dxe4 13. Ng5 b5 14. Ngxe4 Nxe4 15. Nxe4 Be7 16. a4 b4 17. Qxc4 Qd5 18. Qxd5 exd5 19. Nd6 bxc3 20. bxc3 Bxd6 21. Bxd6 Rfd8 22. Bf4 Rac8 23. Kd2 Nc7 24. Rhb1 Ne6 25. Bg3 Rc4 26. Rb5 Rdc8 27. Ra3 f5 28. Be5 Nd8 29. Rxa5 Nc6 30. Rxd5 Nxe5 31. Rxe5 g6 32. Rc5 R4xc5 33. dxc5 Rxc5 34. a5 Rc7 35. a6 Ra7 36. Kd3 Kf7 37. Kc4 Ke6 38. Kb5 Kd6 39. Kb6 Ra8 40. a7 Kd7 41. Kb7 1-0

[Event "Skolkovo Russian Rapid GP"]
[Site "Skolkovo"]
[Date "2019.09.21"]
[Round "1"]
[White "Morozevich, Alexander"]
[Black "Pogorelskikh, Sergey"]
[Result "0-1"]
[WhiteElo "2659"]
[BlackElo "2228"]
[PlyCount "72"]
[EventDate "2019.09.21"]
[EventType "swiss (rapid)"]
[EventRounds "11"]
[EventCountry "RUS"]
[SourceTitle "EXT 2020"]
[Source "ChessBase"]
[SourceDate "2019.10.17"]
[SourceVersion "1"]
[SourceVersionDate "2019.10.17"]
[SourceQuality "1"]

1. Nf3 Nf6 2. g3 g6 3. Bg2 d5 4. c4 Bg7 5. cxd5 Nxd5 6. Nc3 Nxc3 7. bxc3 0-0 8. h4 h6 9. 0-0 c5 10. d4 Nc6 11. Rb1 Qa5 12. d5 Rd8 13. a4 Qa6 14. e4 Bg4 15. Qc2 Na5 16. Rb5 Bd7 17. c4 Bxb5 18. axb5 Qf6 19. e5 Qf5 20. Qc3 b6 21. Re1 a6 22. bxa6 Qc8 23. Re4 Qxa6 24. Kh2 b5 25. cxb5 Qxb5 26. h5 Qb3 27. Qe1 Rxd5 28. Bd2 Nc4 29. hxg6 fxg6 30. Rg4 Rad8 31. Qe4 Nxe5 32. Nxe5 Rxe5 33. Qxg6 Qf7 34. Qxg7+ Qxg7 35. Rxg7+ Kxg7 36. Bc3 Rd4 0-1

[Event "Eurasia Cup op"]
[Site "Ekaterinburg"]
[Date "2019.08.08"]
[Round "8"]
[White "Pogorelskikh, Sergey"]
[Black "Dubnikova, Anastasia"]
[Result "0-1"]
[WhiteElo "2284"]
[BlackElo "1991"]
[PlyCount "122"]
[EventDate "2019.07.31"]
[EventType "swiss"]
[EventRounds "9"]
[EventCountry "RUS"]
[SourceTitle "CBM 191 Extra"]
[Source "ChessBase"]
[SourceDate "2019.09.30"]
[SourceVersion "1"]
[SourceVersionDate "2019.09.30"]
[SourceQuality "1"]

1. e4 e6 2. d4 d5 3. Nc3 Bb4 4. e5 b6 5. a3 Bxc3+ 6. bxc3 Ba6 7. Bxa6 Nxa6 8. Qg4 Kf8 9. Ne2 Ne7 10. 0-0 h5 11. Qf3 c5 12. Bg5 Qe8 13. Nf4 Nf5 14. Nxh5 f6 15. Ng3 fxg5 16. Nxf5 exf5 17. Qxf5+ Kg8 18. f4 gxf4 19. Rxf4 Nc7 20. Raf1 Ne6 21. Rg4 Rh6 22. h3 Qd7 23. Qd3 c4 24. Qe3 Kh7 25. Rg3 Rf8 26. Rgf3 Rxf3 27. Qxf3 Kg8 28. Rf2 Rh4 29. Qg3 Re4 30. Qg6 Nf8 31. Qg3 Qe7 32. Rf6 Qxa3 33. Rd6 Qc1+ 34. Kh2 Qf4 35. Rxd5 Qxg3+ 36. Kxg3 Re3+ 37. Kf4 Rxc3 38. Rd8 Kf7 39. d5 Rxc2 40. Ke4 Re2+ 41. Kd4 b5 42. Rb8 Rd2+ 43. Ke4 Re2+ 44. Kd4 Rxe5 45. Rxb5 Re2 46. g4 c3 47. Kxc3 Re3+ 48. Kd4 Rxh3 49. Rb7+ Kf6 50. g5+ Kg6 51. Rxa7 Nh7 52. d6 Nxg5 53. d7 Rh1 54. Kd5 Rd1+ 55. Kc6 Nf7 56. Kc7 Kf6 57. Ra2 Rc1+ 58. Kb8 Ke7 59. Rf2 Ne5 60. Rg2 Nxd7+ 61. Kb7 Kf7 0-1

[Event "Voronezh op-A 23rd"]
[Site "Voronezh"]
[Date "2019.06.20"]
[Round "8"]
[White "Pogorelskikh, Sergey"]
[Black "Skvortsov, Andrei"]
[Result "0-1"]
[WhiteElo "2299"]
[BlackElo "2123"]
[PlyCount "72"]
[EventDate "2019.06.12"]
[EventType "swiss"]
[EventRounds "9"]
[EventCountry "RUS"]
[SourceTitle "EXT 2020"]
[Source "ChessBase"]
[SourceDate "2019.10.17"]
[SourceVersion "1"]
[SourceVersionDate "2019.10.17"]
[SourceQuality "1"]

1. e4 c5 2. Nf3 d6 3. d4 Nf6 4. Nc3 cxd4 5. Nxd4 g6 6. Be3 Bg7 7. f3 0-0 8. Qd2 d5 9. e5 Ne8 10. f4 f6 11. h4 fxe5 12. fxe5 Nc6 13. h5 Nxe5 14. hxg6 Nxg6 15. 0-0-0 Nf6 16. Bh6 Bxh6 17. Qxh6 Qd6 18. g3 Rf7 19. Bd3 Ng4 20. Qh5 Nf2 21. Ndb5 Qxg3 22. Qxd5 Nxh1 23. Rxh1 Bf5 24. Ne4 Qf4+ 25. Kb1 Qe5 26. Qc4 Rc8 27. Qa4 Nf4 28. Nbc3 Nxd3 29. cxd3 Rd8 30. Rg1+ Bg6 31. Qxa7 Rxd3 32. Qxb7 Qd4 33. Qc8+ Rf8 34. Qg4 Kh8 35. Re1 Rxc3 36. bxc3 Qxc3 0-1

[Event "Voronezh op-A 23rd"]
[Site "Voronezh"]
[Date "2019.06.16"]
[Round "5"]
[White "Harutjunyan, Gevorg"]
[Black "Pogorelskikh, Sergey"]
[Result "1-0"]
[WhiteElo "2446"]
[BlackElo "2299"]
[PlyCount "71"]
[EventDate "2019.06.12"]
[EventType "swiss"]
[EventRounds "9"]
[EventCountry "RUS"]
[SourceTitle "EXT 2020"]
[Source "ChessBase"]
[SourceDate "2019.10.17"]
[SourceVersion "1"]
[SourceVersionDate "2019.10.17"]
[SourceQuality "1"]

1. e4 c5 2. Nf3 d6 3. d4 cxd4 4. Nxd4 Nf6 5. Nc3 a6 6. Qf3 Bd7 7. Bg5 Nc6 8. Nxc6 bxc6 9. Bc4 h6 10. Bxf6 exf6 11. 0-0-0 Be7 12. e5 dxe5 13. Rd3 Qc8 14. Ne4 Bg4 15. Qg3 0-0 16. Nd6 Bxd6 17. Rxd6 Qc7 18. Rxf6 gxf6 19. Qxg4+ Kh8 20. Qh4 Kg7 21. Re1 Rfd8 22. Re3 Qd6 23. Rg3+ Kf8 24. Rd3 Qc7 25. Qxh6+ Ke7 26. Qg7 Rf8 27. a3 c5 28. g4 Rad8 29. g5 Rxd3 30. Qxf6+ Kd7 31. Qf5+ Ke7 32. cxd3 Qd6 33. Qf3 f5 34. Qb7+ Qd7 35. Qxd7+ Kxd7 36. g6 1-0

[Event "RUS-chT2"]
[Site "Sochi"]
[Date "2019.05.09"]
[Round "8.1"]
[White "Smirnov, Timofey"]
[Black "Pogorelskikh, Sergey"]
[Result "1/2-1/2"]
[WhiteElo "2354"]
[BlackElo "2296"]
[PlyCount "111"]
[EventDate "2019.05.01"]
[EventType "team-swiss"]
[EventRounds "9"]
[EventCountry "RUS"]
[SourceTitle "CBM 190 Extra"]
[Source "ChessBase"]
[SourceDate "2019.07.15"]
[SourceVersion "1"]
[SourceVersionDate "2019.07.15"]
[SourceQuality "1"]
[WhiteTeam "Moscow Summer Sports"]
[BlackTeam "Volga Samara Region"]
[WhiteTeamCountry "RUS"]
[BlackTeamCountry "RUS"]

1. e4 c5 2. Nf3 d6 3. d4 cxd4 4. Nxd4 Nf6 5. Nc3 a6 6. Bg5 e6 7. f4 Nbd7 8. Qf3 Qc7 9. 0-0-0 b5 10. Bd3 Be7 11. Rhe1 Bb7 12. Qh3 0-0-0 13. Kb1 Kb8 14. a3 h6 15. Bxf6 Nxf6 16. f5 e5 17. Nb3 Qb6 18. a4 bxa4 19. Nxa4 Qb4 20. Nc3 Rc8 21. Qe3 Bd8 22. Qe2 Ka7 23. Na2 Qa4 24. Nd2 Ba5 25. c3 d5 26. Bc2 Qb5 27. exd5 Qxe2 28. Rxe2 Nxd5 29. g3 f6 30. Ne4 Rhd8 31. Nc1 Bb6 32. Rde1 Ne7 33. Nd2 a5 34. Bd3 Bd5 35. Rf1 a4 36. Be4 a3 37. Rf3 axb2 38. Kxb2 Bf7 39. Rd3 Rxd3 40. Nxd3 Ba5 41. Nb4 Bxb4 42. cxb4 Nd5 43. Bxd5 Bxd5 44. Re3 Rd8 45. Rd3 Rd7 46. Ne4 Bc6 47. Rxd7+ Bxd7 48. g4 Kb6 49. Kc3 h5 50. h3 h4 51. Nc5 Bc6 52. Ne6 Bg2 53. Nxg7 Bxh3 54. g5 Bxf5 55. Nxf5 fxg5 56. Kd3 1/2-1/2

[Event "Sochi Amateur op 6th"]
[Site "Sochi"]
[Date "2019.04.10"]
[Round "5"]
[White "Ivlev, Aleksey"]
[Black "Pogorelskikh, Sergey"]
[Result "0-1"]
[WhiteElo "2347"]
[BlackElo "2246"]
[PlyCount "130"]
[EventDate "2019.04.07"]
[EventType "swiss"]
[EventRounds "9"]
[EventCountry "RUS"]
[SourceTitle "CBM 189 Extra"]
[Source "ChessBase"]
[SourceDate "2019.06.03"]
[SourceVersion "1"]
[SourceVersionDate "2019.06.03"]
[SourceQuality "1"]

1. d4 Nf6 2. c4 g6 3. Nc3 Bg7 4. e4 d6 5. Be2 0-0 6. Bg5 c6 7. Qd2 e5 8. d5 cxd5 9. cxd5 Na6 10. Nf3 Bd7 11. Qc2 h6 12. Be3 Ng4 13. Bd2 f5 14. h3 Nf6 15. Nh4 Nxe4 16. Nxe4 fxe4 17. g3 Bf5 18. Be3 Kh7 19. Qd2 Rf7 20. Rc1 Rc7 21. Rxc7 Nxc7 22. Nxf5 gxf5 23. 0-0 Qd7 24. f4 exf3 25. Bxf3 Ne8 26. Bg2 Nf6 27. Qf2 Kg6 28. Bxa7 h5 29. a3 Rf8 30. Be3 e4 31. Qf4 Nxd5 32. Qg5+ Kh7 33. Qxh5+ Kg8 34. Bc1 Ne7 35. Bg5 Nc6 36. g4 d5 37. gxf5 Rxf5 38. Rxf5 Qxf5 39. Qe8+ Qf8 40. Qe6+ Qf7 41. Qc8+ Kh7 42. Be3 Bxb2 43. Qg4 Bg7 44. Qh4+ Kg8 45. Qg5 Qe6 46. Bf4 Ne7 47. h4 Qf6 48. h5 Qxg5 49. Bxg5 Kf7 50. Bh3 Bf6 51. Bf4 Bd4+ 52. Kf1 Kf6 53. Bc7 Bc5 54. a4 Nf5 55. a5 d4 56. h6 Ne3+ 57. Ke1 d3 58. Be5+ Kg6 59. Bc3 Kxh6 60. Bc8 Nd5 61. Bd2+ e3 62. Bxb7 Bb4 63. Bxd5 Bxd2+ 64. Kd1 Bxa5 65. Bf3 Kg5 0-1